| 000 | 01201nam a22002657a 4500 | ||
|---|---|---|---|
| 005 | 20150812121501.0 | ||
| 010 | _aENG-113615 | ||
| 020 |
_c995..00 _a9788125054573 |
||
| 035 | _aEN-97147 | ||
| 037 | _bDBAD/PUB | ||
| 082 | _a320.954 | ||
| 245 |
_aPathways to power : _cedited by Arjun Guneratne [and] Anita M. Weiss _bthe domestic politics of South Asia / |
||
| 260 |
_aNew Delhi _bOrient Blackswan _c2014 |
||
| 270 |
_a1/24 Asaf Ali Road _bNew Delhi _e110002 |
||
| 300 |
_aviii,420p. : _c23cm(Hb) _bill.,maps |
||
| 500 | _a Includes bibliographical references and index. | ||
| 505 | _a Introduction: Situating domestic politics in South Asia / Arjun Guneratne and Anita M. Weiss -- The colonial legacy / Shabnum Tejani -- India / Christophe Jaffrelot -- Pakistan / Anita M. Weiss -- Sri lanka / Arjun Guneratne -- Nepal / Pratyoush Onta and Seira Tamang -- Bangladesh / Haroun er Rashid. | ||
| 650 |
_aPower (Social sciences) _zSouth Asia. |
||
| 650 |
_aPolitics and culture _zSouth Asia. |
||
| 650 |
_aSocial change _zSouth Asia. |
||
| 650 |
_a Human security _zSouth Asia. |
||
| 700 | _aGuneratne, Arjun | ||
| 700 | _aWeiss, Anita M. | ||
| 942 |
_2ddc _cEN _mPAT _h320.954 |
||
| 999 |
_c95122 _d95122 |
||